| 000 | 01079cam a2200325 4500 | ||
|---|---|---|---|
| 999 |
_c126583 _d126583 |
||
| 001 | 2704729 | ||
| 003 | ARRUPE | ||
| 005 | 20170808112055.0 | ||
| 008 | 711108s1968 enka b 001 0 eng | ||
| 010 | _a 75857607 | ||
| 015 | _aB*** | ||
| 020 | _a0575000627 | ||
| 040 |
_aDLC _cDLC _dDLC |
||
| 043 |
_afe----- _afw----- |
||
| 050 | 0 | 0 |
_aDT352.65 _b.D38 1968 |
| 082 | 0 | 0 | _a960/.2 |
| 100 | 1 |
_aDavidson, Basil, _d1914-2010. _930545 |
|
| 245 | 1 | 0 |
_aBlack mother; _bAfrica: the years of trial. |
| 260 |
_aLondon, _bV. Gollancz, _c1968. |
||
| 300 |
_a269 p. _billus. _c23 cm. |
||
| 350 | _a£1.50 | ||
| 500 | _aRev. and expanded ed. published in 1980 under title: The African slave trade. | ||
| 500 | _a"Second impression (with revisions)." | ||
| 504 | _aBibliography: p. [253]-259. | ||
| 650 | 0 |
_aSlave trade _zAfrica, West _xHistory. _934615 |
|
| 650 | 0 |
_zCongo _xHistory. _934616 |
|
| 651 | 0 |
_aAfrica, East _xHistory _91625 |
|
| 651 | 0 |
_aGuinea (Region) _xHistory. _934617 |
|
| 906 |
_a7 _bcbc _corignew _d4 _encip _f19 _gy-gencatlg |
||
| 942 |
_2lcc _cMONOGRAPH |
||